No tengo problemas con los problemas (Registro nro. 17139)

Detalles MARC
000 -LEADER
fixed length control field 00341 a2200109 4500
001 - CONTROL NUMBER
control field ART_2166
005 - DATE AND TIME OF LATEST TRANSACTION
control field 20260410161723.0
008 - FIXED-LENGTH DATA ELEMENTS--GENERAL INFORMATION
fixed length control field 260409a
100 1# - MAIN ENTRY--PERSONAL NAME
Personal name Torcida, Miguel A.
245 10 - TITLE STATEMENT
Title No tengo problemas con los problemas
773 0# - HOST ITEM ENTRY
Title Administración de empresas
Related parts - Año XIX, Nº 221/222 (ago./sep. 1988)
Record control number REV2036

No hay ítems disponibles.